ENGLISH GRAMMR IN PRACICE (Record no. 24027)

MARC details
000 -LEADER
fixed length control field 00448nam a22001697a 4500
003 - CONTROL NUMBER IDENTIFIER
control field OSt
005 - DATE AND TIME OF LATEST TRANSACTION
control field 20211224145031.0
008 - FIXED-LENGTH DATA ELEMENTS--GENERAL INFORMATION
fixed length control field 211224b |||||||| |||| 00| 0 eng d
020 ## - INTERNATIONAL STANDARD BOOK NUMBER
International Standard Book Number 0-582-60186-X
040 ## - CATALOGING SOURCE
Transcribing agency HAWASSA UNIVERSITY
050 ## - LIBRARY OF CONGRESS CALL NUMBER
Classification number 808.56/TAY
Item number 1
082 ## - DEWEY DECIMAL CLASSIFICATION NUMBER
Edition number 1
Classification number 808.56/TAY
Item number 1
100 ## - MAIN ENTRY--PERSONAL NAME
Personal name TAYLOR G. RANT
Fuller form of name TAYLOR G. RANT
9 (RLIN) 24984
245 ## - TITLE STATEMENT
Title ENGLISH GRAMMR IN PRACICE
260 ## - PUBLICATION, DISTRIBUTION, ETC.
Place of publication, distribution, etc. UK
Name of publisher, distributor, etc. LONGMAN GROUP
Date of publication, distribution, etc. 1979
942 ## - ADDED ENTRY ELEMENTS (KOHA)
Source of classification or shelving scheme Dewey Decimal Classification
Koha item type Books like text book referance book
Suppress in OPAC No
Holdings
Withdrawn status Lost status Source of classification or shelving scheme Damaged status Not for loan Home library Current library Date acquired Total Checkouts Full call number Barcode Date last seen Copy number Price effective from Koha item type
    Dewey Decimal Classification     College of Agriculture Library College of Agriculture Library 12/24/2021   808.56/TAY ALIB0013690 12/24/2021 1 12/24/2021 Books like text book referance book